UBT Library

THE VACCINE HANDBOOK: A PRACTICAL GUIDE FOR CLINICIANS (Record no. 4088)

000 -LEADER
fixed length control field 00298nam a22001217a 4500
008 - FIXED-LENGTH DATA ELEMENTS--GENERAL INFORMATION
fixed length control field 170131b xxu||||| |||| 00| 0 eng d
041 ## - LANGUAGE CODE
Language code of text/sound track or separate title eng
080 ## - UNIVERSAL DECIMAL CLASSIFICATION NUMBER
Edition identifier 2ND
Universal Decimal Classification number 61
100 ## - Rafti
Rafti 3
101 ## - Shkurtesa
Shkurtesa SHMI
245 ## - TITLE STATEMENT
Title THE VACCINE HANDBOOK: A PRACTICAL GUIDE FOR CLINICIANS
Statement of responsibility, etc MARSHAL, G.S
942 ## - ADDED ENTRY ELEMENTS (KOHA)
Source of classification or shelving scheme
Item type Books
Holdings
Withdrawn status Lost status Source of classification or shelving scheme Damaged status Not for loan Collection code Permanent location Current location Shelving location Date acquired Total Checkouts Full call number Barcode Date last seen Price effective from Koha item type
          Koleksioni i përgjithshem UBT - Lipjan UBT - Lipjan Koleksioni i përgjithshem 01/31/2017   61 MAR 002-030908 01/31/2017 01/31/2017 Books
UBT Library © 2015-2024. All rights reserved University Education for Business and Technology